000 00719nam a22002177a 4500
999 _c5714
_d5714
003 AR-CdUCM
008 190313b ||||| |||| 00| 0 spa d
040 _aMUNICIPALIDAD PROVINCIAL DEL CUSCO
_cBIBLIOTECA MUNICIPAL DEL CUSCO
082 _a869.56 /
_bM83
100 _aMoro, César
_914683
245 _aDerniers poèmes = Últimos poemas :
_b1953-1955 /
260 _bCapuli,
_c1976.
300 _c17 cm.
440 _aColeccion la Torre de Babel
_917020
500 _aPáginas sin numeración Donación familia Nieto. Traducciones al francés.
650 _aPoesías peruanas
_91481
650 _aSiglo XX
_98
700 _aSilva-Santiesteban, Ricardo (traductor)
_917021
942 _2ddc
_cLIBROS
945 _aafb